| 000 | 00598nam a22001217a 4500 | ||
|---|---|---|---|
| 040 | _cRUA | ||
| 082 | _aVEM PAN 2024 B1.330 Or.1 | ||
| 100 | _aPANG SILIN, ប៉ាង ស៊ីលីន | ||
| 245 | _aGastro-Intestinal parasites in chicken at banteay dek commune kien svay District kandal province, បរាសិតក្នុងប្រដាប់រំលាយអាហារមាន់នៅឃុំបន្ទាយដែក ស្រុកកៀនស្វាយ ខេត្តកណ្ដាល | ||
| 260 |
_aPHNOM PENH _bRUA _c2024 |
||
| 300 |
_ax, _bill, _c29cm, |
||
| 942 | _cVEM | ||
| 999 |
_c24765 _d24765 |
||